000 00706nam a2200229Ia 4500
003 OSt
005 20220927105831.0
006 a|||||r|||| 00| 0
007 ta
008 220926b |||||||| |||| 00| 0 eng d
024 _a196952
037 _cReference Collections
040 _aRTL
_cRTL
_beng
041 _2eng
_aeng
082 _a"X655, Q2/Th"
100 _aSINHA Manoj Kumar
_9375392
245 0 _aPatterns of foreign direct investment flows and economic development- A cross country analysis
260 _a"Delhi,"
_b"University of Delhi, "
_c2012
300 _a"ix, 217p"
_ccm.
942 _h"X655, Q2/Th"
_cCC
999 _c694944
_d694944